Disney Princess Songs Quiz Stats

 Plays Quiz not verified by Sporcle

Challenge
Share
Tweet
Embed
Score 0/11 Timer 03:00
0 Plays Today
Song Name Princess % Correct
A Whole New WorldJasmine
96.9%
Part of Your WorldAriel
92.6%
BelleBelle
90.9%
Some Day My Prince Will ComeSnow White
90%
ReflectionMulan
87.2%
A Dream Is a Wish Your Heart MakesCinderella
86.4%
Colors of the WindPocahontas
84.9%
Once Upon a DreamAurora
81.3%
Almost ThereTiana
68.8%
I See the LightRapunzel
65.2%
Touch the SkyMerida
44.1%

You're not logged in!

Compare scores with friends on all Sporcle quizzes.
OR
Log In

You Might Also Like...

Show Comments

Extras

Created Jul 18, 2013ReportNominate
Tags:Disney Quiz, Song Quiz, princess, sing

Top Quizzes Today


Score Distribution

Your Account Isn't Verified!

In order to create a playlist on Sporcle, you need to verify the email address you used during registration. Go to your Sporcle Settings to finish the process.

Report this User

Report this user for behavior that violates our Community Guidelines.

Details: